|
|
|
|
| LEADER |
00000nam a2200000 a 4500 |
| 001 |
vtls008878238 |
| 003 |
SK-MaSNL |
| 005 |
20260301080435.0 |
| 008 |
240314s2005 xo o f 001 0 eng |
| 020 |
|
|
|a 1591580080
|q (brož.)
|
| 040 |
|
|
|a SNK
|b slo
|c SNK
|e AACR2
|
| 041 |
0 |
|
|a eng
|
| 044 |
|
|
|a us
|c US
|
| 072 |
|
7 |
|a 025.3/.4
|x Katalogizácia. Selekčné jazyky
|2 konspekt
|
| 080 |
|
|
|a 025.3/.4
|2 2001
|
| 080 |
|
|
|a 025.31
|2 2001
|
| 080 |
|
|
|a (035)
|2 2001
|
| 100 |
1 |
|
|a Haynes, Elizabeth
|4 aut
|9 402143
|
| 245 |
1 |
0 |
|a Unlocking the mysteries of cataloging
|b a workbook of examples
|c Elizabeth Haynes and Joanna F. Fountain ; foreword by Michael Gorman
|
| 260 |
|
|
|a Westport, Connecticut
|b Libraries Unlimited
|c 2005
|
| 300 |
|
|
|a 244 s.
|b fotogr.
|c 29 cm
|
| 500 |
|
|
|a Reg. Zozn.
|
| 650 |
0 |
7 |
|a katalogizácia
|2 SNKPH
|9 22191
|
| 650 |
0 |
7 |
|a katalogizačné pravidlá a štandardy
|2 SNKPH
|9 107064
|
| 655 |
|
7 |
|a príručky
|2 SNKPH
|9 74364
|
| 700 |
1 |
|
|a Fountain, Joanna F.
|4 aut
|9 402144
|
| 700 |
1 |
|
|a Gorman, Michael
|4 aft
|9 402145
|
| 919 |
|
|
|a 1-59158-008-0
|
| 999 |
|
|
|c 653183
|d 655113
|
| 952 |
|
|
|a SNK
|b SNK
|y VYP
|7 0
|p 17A0529148
|o snkIB 71286
|i snk2006/23789
|8 3
|g 50.82
|0 0
|1 0
|4 0
|d 2006-11-14
|l 0
|r 2026-02-23 18:27:58
|w 2026-02-23
|